[Event "Scottish op"]
[Site "Dunfermline"]
[Date "2025.07.08"]
[Round "3"]
[White "Spencer, Edwin A"]
[Black "Patton, Zachary"]
[Result "1-0"]
[WhiteElo "2085"]
[BlackElo "1915"]
[PlyCount "75"]
[EventDate "2025.07.07"]
[EventType "swiss"]
[EventRounds "9"]
[EventCountry "SCO"]
[SourceTitle "CB29_2025"]
[SourceDate "2025.07.16"]
[SourceVersion "1"]
[SourceVersionDate "2025.07.16"]
[SourceQuality "1"]

1. e4 c5 2. Nc3 Nc6 3. f4 f5 4. exf5 Nf6 5. g4 g6 6. fxg6 hxg6 7. Bd3 Kf7 8. Nf3 d5 9. Ne5+ Nxe5 10. fxe5 Bxg4 11. Be2 Qc7 12. d4 Bxe2 13. Nxe2 Nh5 14. Bf4 e6 15. Qd3 Be7 16. 0-0-0 c4 17. Qf3 Rag8 18. Qg4 Ng7 19. c3 Rh4 20. Qf3 Nf5 21. Kb1 g5 22. Bd2 Qd8 23. Rdf1 Qf8 24. Ng3 Kg6 25. Qg2 Qf7 26. Rhg1 Rgh8 27. Nxf5 exf5 28. Bxg5 Rg4 29. Qxg4 fxg4 30. Rxf7 Kxf7 31. Bxe7 Kxe7 32. Rxg4 Rh7 33. h4 Ke6 34. Rf4 a5 35. a3 b5 36. Rf6+ Kd7 37. Rb6 b4 38. Rb7+ 1-0

[Event "BCF-ch Major"]
[Site "Hull"]
[Date "2024.08.03"]
[Round "8"]
[White "Patton, Zachary"]
[Black "Siddhartha, Shankar Srivastava"]
[Result "1/2-1/2"]
[WhiteElo "1871"]
[BlackElo "1595"]
[PlyCount "95"]
[EventDate "2024.07.27"]
[EventType "swiss"]
[EventRounds "9"]
[EventCountry "ENG"]
[SourceTitle "CBM 221 Extra"]
[Source "ChessBase"]
[SourceDate "2024.09.30"]
[SourceVersion "1"]
[SourceVersionDate "2024.09.30"]
[SourceQuality "1"]

1. e4 c5 2. Nf3 d6 3. d4 cxd4 4. Nxd4 Nf6 5. Nc3 a6 6. Bg5 e6 7. f4 Nbd7 8. Qf3 Qc7 9. 0-0-0 Be7 10. Bd3 0-0 11. h4 Nc5 12. g4 b5 13. h5 Nxd3+ 14. Qxd3 Bb7 15. Bxf6 Bxf6 16. g5 Bxd4 17. Qxd4 e5 18. Qf2 Qc5 19. Qxc5 dxc5 20. f5 Rad8 21. Rxd8 Rxd8 22. Rd1 Rxd1+ 23. Kxd1 g6 24. fxg6 fxg6 25. hxg6 hxg6 26. Kd2 Kf7 27. Ke3 Ke6 28. b3 Kd6 29. Nb1 Bc8 30. c3 Be6 31. Nd2 a5 32. Kd3 Kc6 33. a3 Bf7 34. Nf3 Kd6 35. Kc2 a4 36. bxa4 bxa4 37. c4 Bxc4 38. Kc3 Be6 39. Nh4 Bf7 40. Ng2 Be6 41. Ne3 Bf7 42. Ng4 Be8 43. Kc4 Bc6 44. Nf2 Bb7 45. Kb5 Bc6+ 46. Kc4 Bb7 47. Kb5 Bc6+ 48. Kc4 1/2-1/2

[Event "BCF-ch Major"]
[Site "Hull"]
[Date "2024.08.02"]
[Round "7"]
[White "Li, Reya"]
[Black "Patton, Zachary"]
[Result "1-0"]
[WhiteElo "1766"]
[BlackElo "1871"]
[PlyCount "73"]
[EventDate "2024.07.27"]
[EventType "swiss"]
[EventRounds "9"]
[EventCountry "ENG"]
[SourceTitle "CBM 221 Extra"]
[Source "ChessBase"]
[SourceDate "2024.09.30"]
[SourceVersion "1"]
[SourceVersionDate "2024.09.30"]
[SourceQuality "1"]

1. e4 e5 2. Nc3 Nf6 3. Nf3 Nc6 4. Bb5 Bc5 5. 0-0 d6 6. d4 exd4 7. Bxc6+ bxc6 8. Nxd4 0-0 9. Bg5 Re8 10. Nxc6 Qd7 11. Bxf6 gxf6 12. Nd4 Bb7 13. Nf5 Kh8 14. Ng3 Re5 15. Kh1 f5 16. f4 Re6 17. Nxf5 Rg8 18. Rf3 Rxe4 19. Nxe4 Bxe4 20. Ng3 Bb7 21. Qd3 Qg4 22. Qc3+ Rg7 23. Re1 h5 24. Qf6 Bc6 25. h3 Qg6 26. Qxg6 Rxg6 27. Rb3 h4 28. Rb8+ Kh7 29. Ne4 Bb6 30. Ng5+ Kg7 31. Nf3 Rg3 32. Rf1 Bb5 33. Rd1 Be2 34. Rd2 Bf1 35. Nxh4 Kf6 36. Kh2 Re3 37. Rh8 1-0

[Event "BCF-ch Major"]
[Site "Hull"]
[Date "2024.07.28"]
[Round "2"]
[White "Pert, Nina P"]
[Black "Patton, Zachary"]
[Result "1-0"]
[WhiteElo "1966"]
[BlackElo "1871"]
[PlyCount "137"]
[EventDate "2024.07.27"]
[EventType "swiss"]
[EventRounds "9"]
[EventCountry "ENG"]
[SourceTitle "CBM 221 Extra"]
[Source "ChessBase"]
[SourceDate "2024.09.30"]
[SourceVersion "1"]
[SourceVersionDate "2024.09.30"]
[SourceQuality "1"]

1. e4 c6 2. c4 d5 3. exd5 cxd5 4. cxd5 Nf6 5. Nc3 Nxd5 6. Nf3 e6 7. Bc4 Nxc3 8. bxc3 Bd6 9. d4 0-0 10. Qd3 Nd7 11. 0-0 b6 12. Qe4 Rb8 13. Bd3 g6 14. Bg5 Be7 15. h4 Bb7 16. Qe3 Bxf3 17. gxf3 Nf6 18. c4 Rc8 19. Rfe1 Re8 20. Rac1 Nh5 21. Be4 Bxg5 22. hxg5 e5 23. dxe5 Rxe5 24. f4 Ra5 25. Bb7 Rb8 26. Bd5 Qd6 27. f5 gxf5 28. Rcd1 Qg6 29. Re2 Rc5 30. Kf1 Rcc8 31. Rde1 Ng7 32. Qe7 a5 33. Qa7 Re8 34. Re7 Ne6 35. Bxe6 fxe6 36. R1xe6 Qh5 37. Rg7+ Kh8 38. Rxh7+ Qxh7 39. Rh6 Qxh6 40. gxh6 Rg8 41. Qe7 Rbe8 42. Qf6+ Kh7 43. Qxb6 Rg6 44. Qxa5 Kxh6 45. Qxf5 Ree6 46. a4 Kg7 47. Qb5 Kh6 48. f4 Rgf6 49. Qg5+ Kh7 50. Kf2 Ra6 51. a5 Rg6 52. Qb5 Kg7 53. Kf3 Kf7 54. f5 Rgf6 55. Kf4 Rfc6 56. Ke5 Ke7 57. Qd5 Rh6 58. Qb7+ Kd8 59. Qb8+ Kd7 60. Qb4 Kd8 61. Qf8+ Kd7 62. c5 Rac6 63. Kd5 Ra6 64. Kc4 Kc7 65. Kb5 Rac6 66. Qa8 Rhf6 67. a6 Rxa6 68. Qxa6 Rxf5 69. Qd6+ 1-0

[Event "Glorney Cup U18"]
[Site "Hull"]
[Date "2024.07.25"]
[Round "5.4"]
[White "Patton, Zachary"]
[Black "Ivan, Austin"]
[Result "0-1"]
[WhiteElo "1871"]
[BlackElo "1751"]
[PlyCount "128"]
[EventDate "2024.07.23"]
[EventType "team-tourn"]
[EventRounds "5"]
[EventCountry "ENG"]
[SourceTitle "CBM 221 Extra"]
[Source "ChessBase"]
[SourceDate "2024.09.30"]
[SourceVersion "1"]
[SourceVersionDate "2024.09.30"]
[SourceQuality "1"]
[WhiteTeam "Scotland"]
[BlackTeam "England II"]
[WhiteTeamCountry "SCO"]
[BlackTeamCountry "ENG"]

1. e4 e6 2. d4 d5 3. e5 c5 4. c3 Nc6 5. Nf3 Qb6 6. a3 Bd7 7. b4 cxd4 8. cxd4 Rc8 9. Be3 Nge7 10. Bd3 Nf5 11. 0-0 Be7 12. Nbd2 0-0 13. Qb1 g6 14. g4 Nxe3 15. fxe3 Kg7 16. h4 f6 17. exf6+ Bxf6 18. g5 Be7 19. b5 Nb8 20. Ne5 Rxf1+ 21. Qxf1 Rf8 22. Ndf3 Bd6 23. Qe2 Be8 24. Ng4 Nd7 25. a4 Qc7 26. Ra2 e5 27. Rc2 Qb8 28. dxe5 Nxe5 29. Nf6 Nxf3+ 30. Qxf3 Be5 31. Qxd5 Bxf6 32. gxf6+ Rxf6 33. Qg2 b6 34. Rf2 Rxf2 35. Qxf2 Qd6 36. Bf1 Bf7 37. Qg2 Qe5 38. Qg5 Qxg5+ 39. hxg5 Bb3 40. Kf2 h6 41. gxh6+ Kxh6 42. e4 Kg7 43. Ke3 Kf6 44. Kd4 Ke7 45. Ke5 Bxa4 46. Bc4 Bc2 47. Kd5 g5 48. e5 g4 49. Bf1 g3 50. Bg2 Bd3 51. Kc6 Ke6 52. Kb7 Bxb5 53. Kxa7 Kxe5 54. Kxb6 Be2 55. Kc5 Ba6 56. Bc6 Kf4 57. Kd4 Be2 58. Bg2 Bf3 59. Bh3 Be4 60. Bf1 Kf3 61. Ke5 Kf2 62. Bh3 Bb7 63. Kf4 Ba6 64. Ke4 Bf1 0-1